| 000 | 01315cam a22001694a 4500 | ||
|---|---|---|---|
| 005 | 20250605163649.0 | ||
| 008 | 250528s ||||||||||||||||||||||||d | ||
| 035 | _a23839 | ||
| 040 |
_aGR-AtMCL _bgre _dGR-AtMCL _eAACR2 |
||
| 245 | 1 | _aΠαράθυρο / Στην Εκπαίδευση του Παιδιού | |
| 260 |
_bΩρίων, _c2012 |
||
| 300 | _a122 | ||
| 520 | _aΤο τραγουδοπαιχνίδι του Κίμωνα, Αποκριές και... στο Δ΄σος, Το Κασκόλ, Μιά Ζεστή Αγκαλιά είναι η Αποκριά, Το Τσίρκο, Ο Αρλεκίνος, Ήρα και Ποσειδώνας και Αφροδίτη, Μια Ιστορία για Ένα Τσίρκο που το Έλεγαν Τσιρκολελέτα, Ταξιδεύοντας στη Γη των Πιγκουϊνων, Μαθαίνοντας για τους Πιγκουϊνους, Ταξίδια στην Χώρα των Πιγκουϊνων, Το όνειρο του Πώλ, Όνειρα και Καμώματα από Πλαστελίνη, Διατροφικές Συνήθειες για Υγιή Παιδιά, Μαυησιακές Δυσκολίες στο Νηπιαγωγείο, Βιβλιοπαρουσιάσεις, Κατασκευές. | ||
| 942 | _cCR | ||
| 999 |
_c8766 _d8766 |
||